| 000 | 01001nam a2200301Ia 4500 | ||
|---|---|---|---|
| 001 | 17338368 | ||
| 003 | AUA.1 | ||
| 005 | 20250919111651.0 | ||
| 008 | 250326s1987 txu b 001 0 eng d | ||
| 020 | _a0849902304 | ||
| 040 |
_aTDL _cTDL _dEXN |
||
| 049 |
_aEXNs [496456] _c1 |
||
| 050 |
_aBS491.2 _b.W67 1987 _aBS1560 |
||
| 092 |
_a224.6 _bSt9h |
||
| 100 | 1 |
_aStuart, Douglas K. _944875 |
|
| 245 | 0 | 0 |
_aHosea-Jonah / _cDouglas Stuart. |
| 260 |
_aWaco, Tex. : _bWord Books, _cc1987. |
||
| 300 |
_axlv, 537 p. ; _c24 cm. |
||
| 490 | 1 |
_aWord Biblical commentary ; _vv. 31. |
|
| 500 | _aIncludes bibliographies and indexes. | ||
| 630 | 0 | 0 |
_aBible. _pHosea _xCommentaries. _944876 |
| 630 | 0 | 0 |
_aBible. _pJoel _xCommentaries. _944877 |
| 630 | 0 | 0 |
_aBible. _pAmos _xCommentaries. _944878 |
| 630 | 0 | 0 |
_aBible. _pObadiah _xCommentaries. _944879 |
| 630 | 0 | 0 |
_aBible. _pJonah _xCommentaries. _944880 |
| 830 | 0 |
_aWord Biblical commentary ; _vv.31. _944881 |
|
| 942 |
_2lcc _cREF _hBS 491.2 _i.W67 1987 |
||
| 999 |
_c25047 _d25047 |
||